000 01095nam a22002657a 4500
001 475
005 20250507115615.0
020 _a0590414623
040 _aFISKH
_beng
_cFISKH
_dFISKH
050 _aPZ7.S8177
082 _a813.54
100 _aSteig, William
245 _aDoctor De Soto /
_cWilliam Steig
260 _aNew York :
_bScholastic.
_c1982.
300 _a16 leaves of plates :
_c23 cm.
505 _aK
520 _a"Doctor De Soto, the dentist, did very good work." With the aid of his able assistant, Mrs. De Soto, he copes with the toothaches of animals large and small. His expertise is so great that his fortunate patients never feel any pain. Since he's a mouse, Doctor De Soto refuses to treat "dangerous" animals--that is, animals who have a taste for mice. But one day a fox shows up and begs for relief from the tooth that's killing him. How can the kindhearted De Sotos turn him away?
521 _a560
_bLexile AD
521 _aK
_bRaz-Plus
650 _adentists
650 _afoxes
650 _amice
650 _ajuvenile literature
942 _2ddc
_cBK
_n0
999 _c475
_d475